Renzo Piano Building Workshop : (Record no. 353256)
[ view plain ]
| 000 -LEADER | |
|---|---|
| fixed length control field | 01106 a2200325 4500 |
| 003 - CONTROL NUMBER IDENTIFIER | |
| control field | OSt |
| 005 - DATE AND TIME OF LATEST TRANSACTION | |
| control field | 20180116192359.0 |
| 008 - FIXED-LENGTH DATA ELEMENTS--GENERAL INFORMATION | |
| fixed length control field | 120622t xxu||||| |||| 00| 0 eng d |
| 010 ## - LIBRARY OF CONGRESS CONTROL NUMBER | |
| LC control number | 96184067 |
| 020 ## - INTERNATIONAL STANDARD BOOK NUMBER | |
| International Standard Book Number | 0714828092 (v. 1) |
| 020 ## - INTERNATIONAL STANDARD BOOK NUMBER | |
| International Standard Book Number | 0714828599 (v. 2) |
| 020 ## - INTERNATIONAL STANDARD BOOK NUMBER | |
| International Standard Book Number | 0714835439 (v. 3) |
| 020 ## - INTERNATIONAL STANDARD BOOK NUMBER | |
| International Standard Book Number | 0714839310 (v. 4) |
| 020 ## - INTERNATIONAL STANDARD BOOK NUMBER | |
| International Standard Book Number | 9780714844725 (v. 5) |
| 020 ## - INTERNATIONAL STANDARD BOOK NUMBER | |
| International Standard Book Number | 9780714839332 |
| 040 ## - CATALOGING SOURCE | |
| Transcribing agency | 0 |
| 082 ## - DEWEY DECIMAL CLASSIFICATION NUMBER | |
| Classification number | 720.922 |
| 100 1# - MAIN ENTRY--PERSONAL NAME | |
| Personal name | Buchanan, Peter. |
| 9 (RLIN) | 4864 |
| 245 10 - TITLE STATEMENT | |
| Title | Renzo Piano Building Workshop : |
| Remainder of title | complete works / |
| Statement of responsibility, etc. | Peter Buchanan. |
| Number of part/section of a work | Vol. 3 |
| 246 30 - VARYING FORM OF TITLE | |
| Title proper/short title | Complete works |
| 260 ## - PUBLICATION, DISTRIBUTION, ETC. | |
| Place of publication, distribution, etc. | London : |
| Name of publisher, distributor, etc. | Phaidon Press, |
| Date of publication, distribution, etc. | c1993-<2008 > |
| 300 ## - PHYSICAL DESCRIPTION | |
| Extent | Vol .3 : |
| Other physical details | ill. (some col.) ; |
| Dimensions | 31 cm. |
| 600 10 - SUBJECT ADDED ENTRY--PERSONAL NAME | |
| Personal name | Piano, Renzo |
| 9 (RLIN) | 4865 |
| 600 10 - SUBJECT ADDED ENTRY--PERSONAL NAME | |
| Personal name | Piano, Renzo |
| General subdivision | Themes, motives. |
| 9 (RLIN) | 4866 |
| 610 20 - SUBJECT ADDED ENTRY--CORPORATE NAME | |
| Corporate name or jurisdiction name as entry element | Renzo Piano Building Workshop |
| 9 (RLIN) | 4867 |
| 610 20 - SUBJECT ADDED ENTRY--CORPORATE NAME | |
| Corporate name or jurisdiction name as entry element | Renzo Piano Building Workshop |
| General subdivision | Themes, motives. |
| 9 (RLIN) | 4868 |
| 650 10 - SUBJECT ADDED ENTRY--TOPICAL TERM | |
| Topical term or geographic name entry element | Architecture, Modern |
| Chronological subdivision | 20th century |
| General subdivision | Designs and plans. |
| 9 (RLIN) | 4869 |
| 942 ## - ADDED ENTRY ELEMENTS (KOHA) | |
| Institution code [OBSOLETE] | SADA |
| Koha item type | Reference |
| Call number prefix | REF 720.922 BUC 1993 |
| Source of classification or shelving scheme | |
| 952 ## - LOCATION AND ITEM INFORMATION (KOHA) | |
| -- | REF |
| Withdrawn status | Lost status | Source of classification or shelving scheme | Damaged status | Not for loan | Permanent Location | Current Location | Date acquired | Total Checkouts | Full call number | Barcode | Date last seen | Cost, replacement price | Price effective from | Koha item type |
|---|---|---|---|---|---|---|---|---|---|---|---|---|---|---|
| School of Art Design and Architecture (SADA) | School of Art Design and Architecture (SADA) | 06/28/2011 | REF 720.922 BUC 1993 | SADA0001389 | 08/05/2011 | 2400.00 | 08/05/2011 | Reference |
